00568nam a2200205 4500003001100000005001700011008004100028020001500069040003900084041000800123082001300131100001800144245002400162260003800186300000900224650002000233942000700253952008700260999001500347LK-CoMWRAF20230908123307.0230908b1983 |||||||| |||| 00| 0 eng d a0345302745 aLK-CoMWRAFdLK-CoMWRAFeLK-CoMWRAF aeng a823bREN aRendell, Ruth aspeaker of mandarin aU. S. A. :bPantheon books,c1984 a219p aEnglish Fiction cBK 00104070aMAINbMAINd2023-09-08l0o823 RENpRAF940r2023-09-08w2023-09-08yBK c3486d3486